[Event "USA-ch"]
[Site "Seattle"]
[Date "2002.01.07"]
[Round "3"]
[White "Battsetseg, Tsagaan"]
[Black "Vucic, Mladen"]
[Result "0-1"]
[WhiteElo "2261"]
[BlackElo "2396"]
[PlyCount "64"]
[EventDate "2002.01.05"]
[EventType "swiss"]
[EventRounds "9"]
[EventCountry "USA"]
[SourceTitle "CBM 087"]
[Source "ChessBase"]
[SourceDate "2002.03.21"]
[SourceVersion "1"]
[SourceVersionDate "2002.03.21"]
[SourceQuality "1"]

1. e4 c5 2. Nf3 e6 3. d4 cxd4 4. Nxd4 Nc6 5. Nc3 d6 6. Be3 a6 7. Qd2 Nf6 8. f3 d5 9. exd5 exd5 10. Bd3 Be7 11. 0-0 0-0 12. Kh1 Re8 13. Rae1 Bd7 14. Bg1 Qc7 15. Nce2 Bd6 16. c3 Ne5 17. Nc1 Nc4 18. Qc2 g6 19. Qf2 Nh5 20. Bxc4 dxc4 21. Nce2 b5 22. f4 f5 23. h3 Re4 24. Qf3 Rae8 25. Bf2 Bc8 26. Ng3 Rxe1 27. Rxe1 Rxe1+ 28. Bxe1 Nxf4 29. Qa8 Qb7 30. Qxb7 Bxb7 31. Nf3 Bxf3 32. gxf3 Nd3 0-1

[Event "World op 28th"]
[Site "Philadelphia"]
[Date "2000.07.02"]
[Round "5"]
[White "Battsetseg, Tsagaan"]
[Black "Andrews, Todd D"]
[Result "0-1"]
[WhiteElo "2218"]
[BlackElo "2254"]
[PlyCount "66"]
[EventDate "2000.06.28"]
[EventType "swiss"]
[EventRounds "9"]
[EventCountry "USA"]
[SourceTitle "EXT 2001"]
[Source "ChessBase"]
[SourceDate "2000.11.22"]
[SourceVersion "1"]
[SourceVersionDate "2000.11.22"]
[SourceQuality "1"]

1. e4 e6 2. d4 d5 3. Nd2 Nf6 4. e5 Nfd7 5. Bd3 c5 6. c3 Nc6 7. Ne2 Qb6 8. Nf3 cxd4 9. cxd4 f6 10. exf6 Nxf6 11. 0-0 Bd6 12. Bf4 Bxf4 13. Nxf4 Qxb2 14. Ng5 0-0 15. Rb1 Qxa2 16. Nxh7 Nxh7 17. Bxh7+ Kxh7 18. Qh5+ Kg8 19. Ng6 Rf5 20. Qh8+ Kf7 21. Ne5+ Nxe5 22. dxe5 Qa4 23. Rbc1 Qe8 24. Rc7+ Bd7 25. Rxd7+ Qxd7 26. Qxa8 Rxe5 27. Qb8 Re4 28. Qxa7 Ra4 29. Qb8 b5 30. h3 d4 31. Qf4+ Kg8 32. Qb8+ Kh7 33. Qe5 d3 0-1

[Event "Asia-chT fin 02nd (Women)"]
[Site "Shenyang"]
[Date "1999.10.??"]
[Round "2"]
[White "Vijayalakshmi, Subbaraman"]
[Black "Battsetseg, Tsagaan"]
[Result "1-0"]
[WhiteElo "2414"]
[BlackElo "2195"]
[PlyCount "75"]
[EventDate "1999.10.??"]
[EventType "team"]
[EventRounds "5"]
[EventCountry "CHN"]
[SourceTitle "EXT 2000"]
[Source "ChessBase"]
[SourceDate "1999.11.16"]
[SourceVersion "1"]
[SourceVersionDate "1999.11.16"]
[SourceQuality "1"]
[WhiteTeam "India (W)"]
[BlackTeam "Mongolia (W)"]
[WhiteTeamCountry "IND"]
[BlackTeamCountry "MGL"]

1. d4 Nf6 2. c4 c5 3. d5 b5 4. cxb5 a6 5. e3 e6 6. Nc3 exd5 7. Nxd5 Bb7 8. Nxf6+ Qxf6 9. Nf3 Be7 10. bxa6 Nxa6 11. Bd2 0-0 12. Bc3 Qe6 13. h4 d5 14. Ng5 Qh6 15. Rh3 Rad8 16. Bd3 g6 17. Nxh7 d4 18. Nxf8 dxc3 19. Nxg6 Bf6 20. Rg3 cxb2 21. Rb1 c4 22. Ne5+ Kf8 23. Nxf7 Rxd3 24. Qxd3 cxd3 25. Nxh6 Bc3+ 26. Kf1 Bd5 27. Rg6 Nc5 28. Rg5 Ne4 29. Rxb2 Nxg5 30. Rb8+ Ke7 31. hxg5 d2 32. Ke2 Bxg2 33. Rb1 Bd5 34. Kd3 Ba5 35. Rd1 Bxa2 36. Rxd2 Bb1+ 37. Ke2 Bxd2 38. Kxd2 1-0